000 00677nam a2200253Ia 4500
003 OSt
005 20221007105324.0
006 a|||||r|||| 00| 0
007 ta
008 221006b |||||||| |||| 00| 0 eng d
024 _a18,248
037 _cTextual
040 _aLCO
_cLCO
_beng
041 _2eng
_aeng
082 _aZ2,3, L6
100 _aDesai Trikamal R.
_9684822
245 0 _aIndian Contract Act
_b Sale of Goods Act and Partnership Act.
250 _a18th
260 _aCalcutta
_bS.C.Sarkar and Sons India
_c1976
300 _a712
650 _aCONTRACT
942 _hZ2,3, L6
_cTEXL
999 _c1187811
_d1187811